[Event "Mumbai Wealth U13 op 5th"]
[Site "Mumbai"]
[Date "2020.01.03"]
[Round "5"]
[White "Borate, Tanvi"]
[Black "Karan, Parikh"]
[Result "1/2-1/2"]
[WhiteElo "1295"]
[BlackElo "1079"]
[PlyCount "67"]
[EventDate "2019.12.30"]
[EventType "swiss"]
[EventRounds "9"]
[EventCountry "IND"]
[SourceTitle "CBM 194 Extra"]
[Source "ChessBase"]
[SourceDate "2020.03.31"]
[SourceVersion "1"]
[SourceVersionDate "2020.03.31"]
[SourceQuality "1"]

1. e4 c5 2. Nf3 d6 3. d4 cxd4 4. Nxd4 Nf6 5. Nc3 g6 6. Be2 Bg7 7. 0-0 Bd7 8. Re1 Qb6 9. Nb3 Nc6 10. Bg5 Be6 11. Bf1 Ng4 12. Qd2 h6 13. Bh4 Be5 14. h3 g5 15. hxg4 gxh4 16. Nd5 Bxd5 17. exd5 Nd4 18. Nxd4 Bxd4 19. Bb5+ Kd8 20. Qe2 Bxf2+ 21. Qxf2 Qxb5 22. Qxf7 Qe8 23. Qf2 h5 24. g5 Qg6 25. Qe3 Re8 26. Rac1 b6 27. c4 Rc8 28. b4 Qf5 29. a4 Rc7 30. Rc3 Rg8 31. Kh1 Ke8 32. Kg1 Kd8 33. Kh1 Ke8 34. Kg1 1/2-1/2

[Event "Mumbai Wealth op U13 4th"]
[Site "Mumbai"]
[Date "2019.01.01"]
[Round "3"]
[White "Sneha, Halder"]
[Black "Borate, Tanvi"]
[Result "1-0"]
[WhiteElo "1282"]
[BlackElo "1035"]
[PlyCount "133"]
[EventDate "2018.12.30"]
[EventType "swiss"]
[EventRounds "9"]
[EventCountry "IND"]
[SourceTitle "CBM 188 Extra"]
[Source "ChessBase"]
[SourceDate "2019.02.26"]
[SourceVersion "1"]
[SourceVersionDate "2019.02.26"]
[SourceQuality "1"]

1. c4 Nf6 2. d4 e6 3. Nc3 d5 4. e3 Be7 5. Nf3 0-0 6. Be2 dxc4 7. Bxc4 c5 8. 0-0 Nc6 9. dxc5 Bxc5 10. Qxd8 Rxd8 11. b3 a6 12. Bb2 b5 13. Be2 Bb7 14. Rad1 h6 15. a4 b4 16. Na2 Ne4 17. Bd3 Na5 18. Bc2 Bd5 19. Nc1 Rac8 20. Nd2 Nc3 21. Bxc3 bxc3 22. Nb1 Be7 23. e4 Ba8 24. Na2 Rxd1 25. Rxd1 Bf6 26. b4 Nc6 27. Na3 Nd4 28. f3 Bc6 29. a5 Bb5 30. Nxb5 Nxb5 31. Bd3 c2 32. Rc1 Nd4 33. Bxa6 Rc7 34. b5 Ne2+ 35. Kf2 Nxc1 36. Nxc1 Bb2 37. b6 Rb7 38. Nb3 Rd7 39. Bb5 Rd2+ 40. Kg3 c1Q 41. Nxc1 Bxc1 42. a6 Rd8 43. a7 Be3 44. Bc6 Bxb6 45. a8Q Rxa8 46. Bxa8 Bc7+ 47. Kf2 Kf8 48. h3 Ke7 49. Bc6 g5 50. g3 f6 51. h4 Bb6+ 52. Kg2 Bc7 53. Ba4 Bb8 54. Kh3 Kd6 55. Kg4 Ke5 56. Bd7 Bd6 57. Kh5 Bf8 58. Kg6 Kd6 59. Kf7 Kxd7 60. Kxf8 f5 61. exf5 exf5 62. f4 gxf4 63. gxf4 Ke6 64. Kg7 Kd5 65. Kxh6 Ke4 66. Kg5 Kd5 67. Kxf5 1-0

[Event "Mumbai Wealth op U13 4th"]
[Site "Mumbai"]
[Date "2018.12.30"]
[Round "1"]
[White "Jain, Adi"]
[Black "Borate, Tanvi"]
[Result "1-0"]
[WhiteElo "1545"]
[BlackElo "1035"]
[PlyCount "71"]
[EventDate "2018.12.30"]
[EventType "swiss"]
[EventRounds "9"]
[EventCountry "IND"]
[SourceTitle "CBM 188 Extra"]
[Source "ChessBase"]
[SourceDate "2019.02.26"]
[SourceVersion "1"]
[SourceVersionDate "2019.02.26"]
[SourceQuality "1"]

1. Nf3 d5 2. c4 e6 3. g3 Nf6 4. d4 Be7 5. Bg2 0-0 6. 0-0 dxc4 7. Ne5 Nbd7 8. Nxc4 Nb6 9. Ne5 c5 10. dxc5 Bxc5 11. Nd3 Bd6 12. Nc3 Qe7 13. Bg5 h6 14. Bxf6 Qxf6 15. Ne4 Qe7 16. Nxd6 Qxd6 17. Rc1 e5 18. Nc5 Qe7 19. a4 Rd8 20. Qb3 Rb8 21. a5 Nd7 22. Nxd7 Qxd7 23. Rfd1 Qe7 24. Rxd8+ Qxd8 25. Qd5 Qe7 26. Qc5 Qg5 27. Qc7 Kh7 28. f4 exf4 29. Qxb8 fxg3 30. Qxc8 gxh2+ 31. Kh1 h5 32. Rf1 Kh6 33. Qh8+ Kg6 34. Be4+ f5 35. Bxf5+ Kf6 36. Qd8+ 1-0